000 00451nam a2200181Ia 4500
003 GCL
008 140319s9999 xx 000 0 eng d
040 _aGCL /
_cGCL
082 0 4 _a658
_bH O
100 1 _aHARRISON, MIKE
245 1 0 _aOPERATIONS MANAGEMENT STRATEGY /
_cHARRISON, MIKE
260 _a[S.N] :
_bPITMAN PUBLISHING ،
_c1993
300 _a234 P
650 0 4 _aMANAGEMENT
650 0 4 _aBUSINESS
650 0 4 _aECONOMIC
942 _2ddc
_cBK
999 _c16530
_d16530